000 00772cgm a22002773a 4500
001 19450897
005 20180222033452.0
007 vffczaho|
008 170113s2015 xxu009 mleng
010 _a 2017600038
017 _aPA0001965823
_bU.S. Copyright Office
033 0 0 _a2015----
040 _aDLC
_cDLC
_eamim
041 _aeng
080 _a94 ann
100 _a16
101 _ahis
245 0 0 _aChinese Theatre history.
246 1 _iCopyright application title:
_aDocumentary on Hollywood Chinese Theatre
246 1 _iContainer title:
_aTCM Chinese Theatre history
257 _aUnited States.
511 0 _aHost: Ben Mankiewicz.
906 _a0
_bcbc
_corignew
_du
_encip
_f20
_gy-movingim
942 _2ddc
_cBK
999 _c43108
_d43108